Easternmost City by Country - Statistics

General Stats
  • This quiz has been taken 62 times
  • The average score is 16 of 24
Answer Stats
Hint Answer % Correct
Spain Barcelona
97%
Denmark Copenhagen
93%
United States Boston
92%
Australia Brisbane
87%
Germany Berlin
85%
United Kingdom London
85%
Vietnam Ho Chi Minh City
83%
Venezuela Caracas
78%
Tanzania Dar es Salaam
78%
Kazakhstan Almaty
75%
South Africa Durban
75%
Pakistan Lahore
75%
Japan Sapporo
73%
Canada Montreal
72%
France Marseille
68%
Brazil Recife
67%
Italy Naples
63%
Morocco Fes
57%
Iraq Basra
53%
Saudi Arabia Dammam
48%
Iran Mashhad
40%
Mexico Merida
33%
Philippines Davao
32%
Indonesia Makassar
25%
No matching quizzes found
Score Distribution
Percent of People with Each Score
Percentile by Number Answered
Your Score History
You have not taken this quiz